00490nam a2200133Ia 4500001000400000008004100004082002500045100006500070245012700135260004500262590000700307901002700314999001500341832241024s9999 xx 000 0 und d aRD/373.97293/R426cur aRepública Dominicana.Secretaría de Estado de Educación 0aCurso Taller de verano para estudiantes que ingresan al nivel medio, Dominio de Técnicas, Destrezas y Procesos Básicos bDirección General de Currículoc2003 asi a3/12/2010 3:19:17 p.m. c8540d8540